[Event "IECC Y2KO email"]
[Site "IECC email"]
[Date "2000.10.26"]
[Round "?"]
[White "Mraz, Miroslav"]
[Black "Dearey, Paul"]
[Result "1-0"]
[WhiteElo "2155"]
[BlackElo "1790"]
[PlyCount "67"]
[EventDate "2000.??.??"]
[EventType "tourn (corr)"]
[EventRounds "2"]
[SourceTitle "Corr 2008"]
[Source "ChessBase"]
[SourceDate "2008.06.24"]
[SourceVersion "1"]
[SourceVersionDate "2008.06.24"]
[SourceQuality "1"]

1. d4 d5 2. c4 e6 3. Nf3 Nf6 4. Nc3 Be7 5. Bg5 0-0 6. e3 b6 7. Bd3 dxc4 8. Bxc4 Bb7 9. 0-0 h6 10. Bh4 Ne4 11. Bg3 Nxg3 12. hxg3 Nd7 13. Qe2 c5 14. Rfd1 Bf6 15. dxc5 Qc8 16. cxb6 Bxc3 17. Bb5 Nc5 18. bxc3 axb6 19. Qb2 Bd5 20. c4 Be4 21. Ne5 Rd8 22. Rxd8+ Qxd8 23. Qd4 Qc7 24. Nd7 Rd8 25. Rd1 Kh8 26. Qd6 Qxd6 27. Rxd6 Nxd7 28. f3 Bb1 29. a4 Ba2 30. c5 bxc5 31. Rxd7 Rxd7 32. Bxd7 c4 33. Kf2 c3 34. Ke1 1-0

[Event "IECC Swiss email"]
[Site "IECC email"]
[Date "2000.01.27"]
[Round "?"]
[White "Dearey, Paul"]
[Black "Arnold, Lee"]
[Result "1-0"]
[WhiteElo "1769"]
[BlackElo "1853"]
[PlyCount "116"]
[EventDate "2000.??.??"]
[EventType "tourn (corr)"]
[EventRounds "6"]
[SourceTitle "Corr 2008"]
[Source "ChessBase"]
[SourceDate "2008.06.24"]
[SourceVersion "1"]
[SourceVersionDate "2008.06.24"]
[SourceQuality "1"]

1. d4 d5 2. c4 e6 3. Nc3 Be7 4. Nf3 Nf6 5. e3 0-0 6. Bd3 b6 7. Ne5 c5 8. 0-0 Bb7 9. b3 Nc6 10. Nxc6 Bxc6 11. dxc5 dxc4 12. Bxc4 Bxc5 13. Bb2 Qb8 14. Qe2 Bd6 15. h3 Bh2+ 16. Kh1 Be5 17. Nb5 Bxb2 18. Qxb2 e5 19. Rfd1 Rd8 20. a4 a6 21. Nc3 Qb7 22. f3 b5 23. axb5 axb5 24. Bf1 b4 25. Ne2 e4 26. f4 Nd5 27. Qd4 Rd7 28. Rxa8+ Qxa8 29. Ra1 Qf8 30. Ng3 Nc3 31. Qb6 Bd5 32. Bc4 Bxc4 33. bxc4 g6 34. c5 Nd5 35. Qb5 Rd8 36. c6 Nc3 37. Qc4 Qe7 38. c7 Rc8 39. Ra7 Qd6 40. Kh2 Qb6 41. Ra6 Qxc7 42. Qxb4 Rb8 43. Qa3 Rc8 44. Ra8 f5 45. Ra7 Qc5 46. Qb3+ Qd5 47. Qb4 Nb5 48. Re7 Nd6 49. Rd7 Qc5 50. Qxc5 Rxc5 51. Rxd6 Rc3 52. Nf1 Rd3 53. Rxd3 exd3 54. Kg3 Kg7 55. Kf2 Kh6 56. Ke1 Kg7 57. Kd2 h5 58. Kxd3 Kf6 1-0

[Event "IECC Swiss email"]
[Site "IECC email"]
[Date "1999.08.16"]
[Round "?"]
[White "Schiller, Wilfried"]
[Black "Dearey, Paul"]
[Result "1-0"]
[WhiteElo "2296"]
[BlackElo "1771"]
[PlyCount "59"]
[EventDate "1999.??.??"]
[EventType "tourn (corr)"]
[EventRounds "6"]
[SourceTitle "Corr 2008"]
[Source "ChessBase"]
[SourceDate "2008.06.24"]
[SourceVersion "1"]
[SourceVersionDate "2008.06.24"]
[SourceQuality "1"]

1. d4 Nf6 2. c4 g6 3. Nf3 Bg7 4. g3 0-0 5. Bg2 c5 6. 0-0 cxd4 7. Qxd4 Nc6 8. Qh4 d6 9. Nc3 Ng4 10. h3 Bxc3 11. bxc3 Nge5 12. Nxe5 Nxe5 13. Bh6 Re8 14. Qd4 f6 15. c5 Nf7 16. Be3 dxc5 17. Qxc5 Qd6 18. Rfd1 Qxc5 19. Bxc5 Ng5 20. Rab1 Kf8 21. Bxb7 Rb8 22. Bd5 Bf5 23. Rxb8 Nxh3+ 24. Kg2 Rxb8 25. Bxa7 Rb2 26. Bc4 Ng5 27. Rd8+ Kg7 28. Re8 e5 29. f3 h5 30. Bc5 1-0